| 000 | 00606nam a2200205 a 4500 | ||
|---|---|---|---|
| 001 | 1463 | ||
| 003 | CDMR | ||
| 005 | 20131015101816.0 | ||
| 008 | 130130s1982||||||||||||||||||||||||||||d | ||
| 020 | _a8450082811 | ||
| 040 |
_aCDMR _bcat _cCDMR |
||
| 100 | 1 |
_aSimón Cabarga, José _91113 |
|
| 245 | 1 | 0 |
_aHistoria de la prensa santanderina _cJosé Simón Cabarga |
| 260 |
_a[Santander] _bCentro de Estudios Montañeses |
||
| 260 | _bInstitución Cultural de Cantabria | ||
| 260 |
_cDL 1982 _bDiputación Regional [de Cantabria] |
||
| 300 | _a414 p. | ||
| 650 |
_94069 _aPremsa _zCantàbria |
||
| 942 |
_cMON _2udc |
||
| 999 |
_c1463 _d1463 |
||